000 00907nas a2200301 4500
001 BR9900972
003 BR-BrBNA
005 20231205101252.0
007 ta
008 230509b bl.|||p| |||| 00| 00por d
040 _aBR-BrBNA
_bpor
_cBiblioteca Nacional de Agricultura
041 _a(Pt)
072 _aF01; F02
100 1 _aFerri, V.C.
100 1 _aCentellas, A.Q.
100 1 _aHelbig, V.E.
100 1 _aFortes, G.R. de L.
245 1 _aUso de agar, amido e acido indolbutirico no enraizamento in vitro do porta-enxerto de macieira MM 111
650 _aMaca
650 _aAgar
650 _aCultura In Vitro
650 _aPorta Enxerto
650 _aEnraizamento de Estaca
650 _aAcido Indolbutirico
773 0 _tCiencia Rural (Brazil)
_xISSN 0103-8478
_g(Oct-Dec 1998), v. 28(4) p. 561-565
_wBR9900972
909 _a202311
_bLúcia
_c55
_dLúcia Elande
942 _2AGRIS
_n0
_cANA
999 _c160803
_d160803